coupé pouze pro dámy chanson jak ho kdo vezme: mravný i nemravný /

Hlavní autor: Provazník, Anatol, 1887-1950
Další autoři: Hanuš, Otakar, 1890-1940
Jazyk: Čeština
Vydáno: Praha : Hoffmann, 1919
Fyzický popis: 3 s.
Hudebniny Hudebniny
Uloženo v:
LEADER 00792ncm a22002292a 4500
001 001235741
003 CZ BrMZK
005 20140926151600.0
007 qu
008 120731s1919 xr |||||||||||||||||cze d
040 |a BOA001  |b cze 
072 7 |a 784  |x Vokální hudba  |2 Konspekt  |9 9 
100 1 |a Provazník, Anatol,  |d 1887-1950  |7 jk01101394  |4 cmp 
245 1 0 |a coupé pouze pro dámy  |h [hudebnina] :  |b chanson jak ho kdo vezme: mravný i nemravný /  |c Ant. Provazník ; slova Ot. Hanuš 
260 |a Praha :  |b Hoffmann,  |c 1919 
300 |a 3 s. 
500 |a Zpěv a klavír 
700 1 |a Hanuš, Otakar,  |d 1890-1940  |7 jk01033494  |4 lyr 
910 |a BOA001  |b Mus4-0578.700 
990 |a MU 
991 |b 201207 
996 6 |b 2619099849  |c Mus4-0578.700  |l MZK  |r Sklad / do 1 hodiny  |n 0  |w 001269737  |u 000010  |a 1  |e BOA001  |j MZK50  |s P